Regional integration in Africa (Record no. 11128)

MARC details
000 -LEADER
fixed length control field 01542nam a2200157Ia 4500
005 - DATE AND TIME OF LATEST TRANSACTION
control field 20250117104110.0
008 - FIXED-LENGTH DATA ELEMENTS--GENERAL INFORMATION
fixed length control field 250117s9999 xx 000 0 und d
020 ## - INTERNATIONAL STANDARD BOOK NUMBER
International Standard Book Number 9780798302883
082 ## - DEWEY DECIMAL CLASSIFICATION NUMBER
Classification number 341.330REG
245 #0 - TITLE STATEMENT
Title Regional integration in Africa
Remainder of title bridging the North - Sub-Saharan divide
260 ## - PUBLICATION, DISTRIBUTION, ETC.
Place of publication, distribution, etc. pretoria
Name of publisher, distributor, etc. Africa Inst South Africa
Date of publication, distribution, etc. 2011
300 ## - PHYSICAL DESCRIPTION
Extent xiv, 102, 97 p. ; 25 cm.
500 ## - GENERAL NOTE
General note Includes bibliographical references.
520 ## - SUMMARY, ETC.
Summary, etc. Regional Integration in Africa Bridging the North-Sub-Saharan Divide came about as a research project conducted by the Africa Institute of South Africa and examines the North African countries' strategies of involvement in the African continent, and their integration initiatives. The book looks at major issues involving Egypt, Libya, Tunisia, Algeria, Morocco and Mauritania. These countries, in most cases, have been treated as separate from sub-Saharan Africa. However, the historical reality and economic and political interests indicate that the North African countries have been and still are closely connected with the rest of the African continent. Egypt, for example, was one of the leading countries in the African unity movement, and, together with Libya, has contributed to the restructuring of the African continental organisation and the establishment of the African Union. The book consists of two parts. The first part includes five chapters written in English, the second part of the book comprises six chapters written in Arabic.
650 ## - SUBJECT ADDED ENTRY--TOPICAL TERM
Topical term or geographic name entry element Regional economics -Africa.
Holdings
Withdrawn status Lost status Damaged status Not for loan Home library Current library Shelving location Date acquired Total checkouts Full call number Barcode Date last seen Price effective from Koha item type
        UONGOZI Institute Resources Centre - Dodoma UONGOZI Institute Resources Centre - Dodoma Africa 01/17/2025   341.330REG UR001020 01/31/2025 01/17/2025 Book